01615cam a22003375a 45000010009000000050017000090080041000260200036000670200033001030400028001360820022001641000025001862450072002112500012002832600040002953000036003355040051003716500034004226500025004566500040004816530020005216550024005417000029005659420008005949990017006029520147006199520135007669520136009019520120010379520120011571786191420201128024146.0130822t2015 ohua frb 001 0 eng d a9781285751788 (student edition) a1285751787 (student edition) aDLCbengcDLCdEG-ScBUE04222a658.1552bHAN1 aHansen, Don R.9222910aCornerstones of cost management /cDon R. Hansen,Maryanne M. Mowen. a3rd ed. aMason :bCengage Learning,cc.2015. axvii, 1099 p. :bill. ;c29 cm. aIncludes bibliographical references and index. 7aCost accounting.2BUEsh91340 0aCost control.2BUEsh 7aManagerial accounting.2BUEsh91343 bBUSADMcMay2017 vReading book9342321 aMowen, Maryanne M.92230 2ddc c24834d24806 00102ddc40708BaccahaMAINbMAINc1STd2017-05-17ePurchasel3m2o658.1552 HANp000041850q2023-12-23r2020-02-03 00:00:00s2020-02-03yBB 00102ddc40708BaccahaMAINbMAINc1STd2017-05-17ePurchasel1m5o658.1552 HANp000041851r2025-07-15 00:00:00s2018-02-07yBB 00102ddc40708BaccahaMAINbMAINc1STd2017-05-17ePurchasel3m11o658.1552 HANp000041852r2025-07-15 00:00:00s2020-02-11yBB 00102ddc40708BaccahaMAINbMAINc1STd2018-04-15ePurchasel0o658.1552 HANp000043176r2025-07-15 00:00:00yNB 00102ddc40708BaccahaMAINbMAINc1STd2018-04-15ePurchasel0o658.1552 HANp000043177r2025-07-15 00:00:00yNB